| 000 | 00545nam a2200205 a 4500 | ||
|---|---|---|---|
| 001 | 16240 | ||
| 003 | CO-ViMGA | ||
| 008 | 141112s2004 ck r 000 u spa d | ||
| 020 | _a9580458316 | ||
| 040 |
_aCO-ViMGA _bspa _cCO-ViMGA |
||
| 082 | _aCo863.6 M673c | ||
| 100 | 1 |
_aMoreno, Marvel , 1939 - 1995 _96451 |
|
| 245 | 1 | 0 | _aCuentos completos |
| 260 |
_aBogotá : _bNorma, _c2001 |
||
| 300 | _a440.p. | ||
| 490 | _aLa otra orilla | ||
| 590 | _aForma de adquisición : Premio - Mincultura | ||
| 650 | 1 | 4 | _aCUENTOS COLOMBIANOS |
| 942 |
_2ddc _cBK |
||
| 999 |
_c11530 _d11530 |
||